OPAC Home

අසිරිමත් ඉන්දියාව (Record no. 106475)

MARC details
000 -LEADER
fixed length control field 00466nam a2200169Ia 4500
003 - CONTROL NUMBER IDENTIFIER
control field LK-CoDNM
008 - FIXED-LENGTH DATA ELEMENTS--GENERAL INFORMATION
fixed length control field 010623t1963 xxu||||| |||| 00| 1 sin d
040 ## - CATALOGING SOURCE
Original cataloging agency LK-CoDNM
Modifying agency LK-CoDNM
Description conventions LK-CoDNM
041 ## - LANGUAGE CODE
Language code of text/sound track or separate title Sinhala; Sinhalese
080 ## - UNIVERSAL DECIMAL CLASSIFICATION NUMBER
Universal Decimal Classification number 954BHA
942 ## - ADDED ENTRY ELEMENTS (KOHA)
Koha item type Books
100 ## - MAIN ENTRY--PERSONAL NAME
Personal name Basham,A.L.
245 ## - TITLE STATEMENT
Title අසිරිමත් ඉන්දියාව
246 ## - VARYING FORM OF TITLE
Title proper/short title Asirimath Indiyawa
260 ## - PUBLICATION, DISTRIBUTION, ETC. (IMPRINT)
Name of publisher, distributor, etc. Department of Educational
Place of publication, distribution, etc. Colombo
Date of publication, distribution, etc. 1962
-- 1995
300 ## - PHYSICAL DESCRIPTION
Other physical details 688p,pl,maps, 30 cm
Holdings
Withdrawn status Lost status Damaged status Not for loan Collection code Permanent Location Current Location Date acquired Barcode Koha item type Full call number
        Monographs Library National Museum Colombo - Sri Lanka Library National Museum Colombo - Sri Lanka 2023-08-02 136151 Books  
        Monographs Library National Museum Colombo - Sri Lanka Library National Museum Colombo - Sri Lanka 2023-08-02 89958 Books 954BHA
Copyright © 2023 Department of National Museum, Colombo 07, Sri Lanka Funded by UNESCO IFAP UNESCO